000 004830000a22001930004500
001 001938
003 MACL
005 20151017153900.0
008 151017b xxu||||| |||| 00| 0 eng d
040 _aMACL
_cMACL
041 _aEnglish
082 _a920/PAN
100 _aPande, Govind Chandra
_915488
245 _aKalidasa And His Age
_cGovind Chandra Pande
260 _aAllahabad
_c1999
_bRaka Prakashan,
350 _a450
650 _aBiography
_915755
942 _k920
_cBK
_2ddc
999 _c13854
_d13854